Загрузка...

EVOLUTION BY GENE DUPLICATION

Библиографические подробности
Главный автор: OHNO,Susumu
Формат: Printed Book
Опубликовано: NEWYORK TOKYO SPRINGER-VERLAG BERLIN HEIDELBERG 1970
Предметы:
LEADER 00517nam a2200205 4500
020
037
082 |a 576.8 OHN 
100 |a OHNO,Susumu 
245 |a EVOLUTION BY GENE DUPLICATION  |h English 
250
260 |a NEWYORK TOKYO  |b SPRINGER-VERLAG BERLIN HEIDELBERG  |c 1970 
300 |a 160  |f HB 
500
590
630
650 |a EVOLUTION 
942 |c TB 
999 |c 168849  |d 168849 
952 |0 0  |1 0  |4 0  |6 576_800000000000000_OHN  |7 0  |9 182289  |a BOT  |b BOT  |l 0  |o 576.8 OHN  |p BOT3942  |r 2019-10-25  |w 2019-10-25  |y TB